00874nam a22002655i 450000100090000000300050000900500170001400800410003101000170007202000440008902000410013303800110017404000230018504200080020808200160021624501730023225000170040526300090042226400330043130000130046433600210047733700250049833800230052349000620054618219889NUST20190718070839.0140710s2014 nyu 000 0 eng  a 2014945568 a9783662444900 (soft cover : alk. paper) a3662444909 (soft cover : alk. paper) aArshad aDLCbengerdacDLC apcc a004.22bMIS00aAdvanced computer architecture :b10th Annual Conference, ACA 2014, Shenyang, China, August 23-24, 2014. Proceedings /c[edited by] Junjie Wu, Haibo Chen, Xingwei Wang. a1st edition. a1409 1aNew York :bSpringer,c2014. apages cm atext2rdacontent aunmediated2rdamedia avolume2rdacarrier0 aCommunications in computer and information science ;v451